Estatísticas para Discografia de Kanye West

Clique aqui para jogar o quiz

Estatísticas Gerais

  • Esse quiz foi jogado 44 vezes
  • A pontuação média é 10 de 12

Estatísticas das Respostas

LançamentoÁlbum% Correto
2021Donda
97%
2007Graduation
93%
2018ye
90%
2013Yeezus
90%
2019Jesus Is King
83%
2004The College Dropout
83%
2016The Life Of Pablo
83%
2010My Beautiful Dark Twisted Fantasy
80%
2018KIds See Ghosts
77%
2006Late Registration
73%
2008808s & Heartbreak
67%
2011Watch The Throne
63%

Distribuição das Pontuações

Percentil de Números Respondidos

Porcentagem de Pessoas com Cada Pontuação

Sua Pontuação Histórica

Você não jogou esse quiz